The role of endocannabinoid and kynurenine systems in the pathomechanism of migraine animal experimental data /

Elmentve itt :
Bibliográfiai részletek
Szerző: Nagy-Grócz Gábor
További közreműködők: Párdutz Árpád (Témavezető)
Dokumentumtípus: Disszertáció
Megjelent: 2017-11-28
Tárgyszavak:
doi:10.14232/phd.4094

mtmt:3347143
Online Access:http://doktori.ek.szte.hu/4094
LEADER 01132nta a2200229 i 4500
001 dokt4094
005 20200529083147.0
008 171004s2017 hu om 0|| eng d
024 7 |a 10.14232/phd.4094  |2 doi 
024 7 |a 3347143  |2 mtmt 
040 |a SZTE Doktori Repozitórium  |b hun 
041 |a eng 
100 2 |a Nagy-Grócz Gábor 
245 1 4 |a The role of endocannabinoid and kynurenine systems in the pathomechanism of migraine  |h [elektronikus dokumentum] :  |b animal experimental data /  |c  Nagy-Grócz Gábor 
246 1 0 |a Az endokannabinoidok és a kinureninek szerepe a migrénben: állatkísérletes adatok  |h [elektronikus dokumentum] 
260 |c 2017-11-28 
502 |a Disszertacio 
650 4 |a klinikai orvostudományok 
700 1 |a Párdutz Árpád  |e ths 
856 4 0 |u https://doktori.bibl.u-szeged.hu/id/eprint/4094/1/Thesis.Nagy-Gr%C3%B3cz.2017.pdf  |z Dokumentum-elérés  
856 4 0 |u https://doktori.bibl.u-szeged.hu/id/eprint/4094/2/Summary%20of%20thesis.Nagy-Gr%C3%B3cz.2017.pdf  |z Dokumentum-elérés  
856 4 0 |u https://doktori.bibl.u-szeged.hu/id/eprint/4094/3/%C3%96sszefoglal%C3%B3.Nagy-Gr%C3%B3cz.pdf  |z Dokumentum-elérés